Hermanos y hermanas (Record no. 88855)

MARC details
000 -LEADER
campo de control de longitud fija 01054nam a2200313 i 4500
001 - NÚMERO DE CONTROL
campo de control 88855
003 - IDENTIFICADOR DE NÚMERO DE CONTROL
campo de control ES-MaACL
005 - FECHA Y HORA DE LA ÚLTIMA TRANSACCIÓN
campo de control 20230906175943.0
007 - CAMPO FIJO DE DESCRIPCIÓN FÍSICA--INFORMACIÓN GENERAL
campo de control de longitud fija t|
008 - DATOS DE LONGITUD FIJA--INFORMACIÓN GENERAL
campo de control de longitud fija 041223s1986 sp ||||1| spa d
020 ## - NÚMERO INTERNACIONAL ESTÁNDAR DEL LIBRO
Número Internacional Estándar del Libro 84-206-6514-2
080 ## - NÚMERO DE LA CLASIFICACIÓN DECIMAL UNIVERSAL
Número de la Clasificación Decimal Universal 159.922.2
080 ## - NÚMERO DE LA CLASIFICACIÓN DECIMAL UNIVERSAL
Número de la Clasificación Decimal Universal 159.942
100 1# - ENTRADA PRINCIPAL--NOMBRE DE PERSONA
Nombre de persona Dunn, Judy.
9 (RLIN) 46057
245 10 - MENCIÓN DEL TÍTULO
Título Hermanos y hermanas
Resto del título : amor, envidia y comprensión /
Mención de responsabilidad, etc. Judy Dunn y Carol Kendrick ; versión española de Cristina del Barrio, Begoña del Barrio y Bárbara Slobodziaanek.
260 ## - PUBLICACIÓN, DISTRIBUCIÓN, ETC.
Lugar de publicación, distribución, etc. Madrid :
Nombre del editor, distribuidor, etc. Alianza Editorial,
Fecha de publicación, distribución, etc. [1986]
300 ## - DESCRIPCIÓN FÍSICA
Extensión 228 p. :
Otras características físicas graf. ;
Dimensiones 23 cm.
490 1# - MENCIÓN DE SERIE
Mención de serie Alianza psicología ;
Designación de volumen o secuencia 14
504 ## - NOTA DE BIBLIOGRAFÍA, ETC.
Nota de bibliografía, etc. Bibliografía: p. 217-[224]
650 14 - PUNTO DE ACCESO ADICIONAL DE MATERIA--TÉRMINO DE MATERIA
Término de materia o nombre geográfico como elemento de entrada Hermanos.
9 (RLIN) 13328
650 14 - PUNTO DE ACCESO ADICIONAL DE MATERIA--TÉRMINO DE MATERIA
Término de materia o nombre geográfico como elemento de entrada Padres e hijos.
9 (RLIN) 15785
700 1# - ENTRADA AGREGADA--NOMBRE PERSONAL
Nombre de persona Kendrick, Carol.
9 (RLIN) 67828
700 1# - ENTRADA AGREGADA--NOMBRE PERSONAL
Nombre de persona Barrio, Cristina del.
9 (RLIN) 25992
700 1# - ENTRADA AGREGADA--NOMBRE PERSONAL
Nombre de persona Barrio, Begoña del.
9 (RLIN) 25991
700 1# - ENTRADA AGREGADA--NOMBRE PERSONAL
Nombre de persona Slobodziaanek, Bárbara.
9 (RLIN) 106789
830 0# - PUNTO DE ACCESO ADICIONAL DE SERIE-TÍTULO UNIFORME
Título uniforme Alianza psicología ;
Designación de volumen o secuencia 14
9 (RLIN) 178168
852 ## - LOCALIZACIÓN
Ubicación ES-MaACL
Número de control de estantería E-10693
Sublocalización o colección R.134870
Holdings
Estatus retirado Estado de pérdida Estado de daño No para préstamo Biblioteca de origen Biblioteca actual Ubicación en estantería Fecha de adquisición Fuente de adquisición Total de préstamos Signatura topográfica completa Código de barras Visto por última vez Precio de reemplazo Tipo de ítem Koha
        Biblioteca del Ateneo de Madrid Biblioteca del Ateneo de Madrid Depósito 2 17/01/2008     E-10693 1092806 23/02/2023 23/02/2023 Libro impreso